Malekshad v Howard de Walden Estates Ltd (Record no. 68402)

MARC details
000 -LEADER
fixed length control field 01704cam a2200241 4500
001 - CONTROL NUMBER
control field ABS64562
008 - FIXED-LENGTH DATA ELEMENTS--GENERAL INFORMATION
fixed length control field 010927n2001 000 0 eng u
035 ## - SYSTEM CONTROL NUMBER
System control number (Sirsi) u114872
245 ## - TITLE STATEMENT
Title Malekshad v Howard de Walden Estates Ltd
260 ## - PUBLICATION, DISTRIBUTION, ETC.
Date of publication, distribution, etc. 2001
490 ## - SERIES STATEMENT
Series statement Estates Gazette
Volume/sequential designation [2001] 38 EG, 190-198(9)
520 ## - SUMMARY, ETC.
Summary, etc. CA 23 May 2001. Lessee (A) served a notice on landlord (B) under Leasehold Reform Act 1967 claiming to acquire the freehold. The property consisted of a terraced residential building and a mews cottage. Until the 1970s the two buildings had been linked by a basement. Between 1970 and 1977 this access between the two was physically obstructed. The judge ruled that the buildings could not reasonably be called a single house under Leasehold Reform Act 1967 s2. In addition, due to the existence of a basement under each building, there was a material part that lay below part of the structure not comprised in each house. A appealed. Appeal allowed. Held that the property remained a single house for the purposes of the 1967 Act. Full copy of judgement available on http://porch.ccta.gov.uk/courtser/judgements.nsf/Search/3F934916BF7D101480256A56005777BB?OpenDocument.
590 ## - LOCAL NOTE (RLIN)
Local note ABS
650 ## - SUBJECT ADDED ENTRY--TOPICAL TERM
Topical term or geographic name entry element MALEKSHAD V HOWARD DE WALDEN ESTATES LTD
650 ## - SUBJECT ADDED ENTRY--TOPICAL TERM
Topical term or geographic name entry element LEASEHOLD ENFRANCHISEMENT
650 ## - SUBJECT ADDED ENTRY--TOPICAL TERM
Topical term or geographic name entry element LEASEHOLD REFORM ACT 1967
650 ## - SUBJECT ADDED ENTRY--TOPICAL TERM
Topical term or geographic name entry element BASEMENTS
650 ## - SUBJECT ADDED ENTRY--TOPICAL TERM
Topical term or geographic name entry element HUMAN RIGHTS ACT 1998
650 ## - SUBJECT ADDED ENTRY--TOPICAL TERM
Topical term or geographic name entry element CONVENTION FOR THE PROTECTION OF HUMAN RIGHTS AND FUNDAMENTAL FREEDOMS
690 ## - LOCAL SUBJECT ADDED ENTRY--TOPICAL TERM (OCLC, RLIN)
Topical term or geographic name as entry element LANDLORD AND TENANT-LEASEHOLD REFORM-CASE LAW
856 ## - ELECTRONIC LOCATION AND ACCESS
Uniform Resource Identifier <a href="https://porch.ccta.gov.uk/courtser/judgements.nsf/Search/3F934916BF7D101480256A56005777BB?OpenDocument">https://porch.ccta.gov.uk/courtser/judgements.nsf/Search/3F934916BF7D101480256A56005777BB?OpenDocument</a>
942 ## - ADDED ENTRY ELEMENTS (KOHA)
Suppress in OPAC 0
Holdings
Withdrawn status Lost status Source of classification or shelving scheme Damaged status Not for loan Home library Current library Shelving location Date acquired Total Checkouts Full call number Barcode Date last seen Copy number Price effective from Koha item type
    Dewey Decimal Classification     London London Journal article 27/09/2001   ABS64562 114872-1001 06/08/2019 1 06/08/2019 Law report